Vista normal
Vista MARC
Entrada Corporate Name
Número de registros utilizados en: 2
001 - CONTROL NUMBER
- control field: 9284
003 - CONTROL NUMBER IDENTIFIER
- control field: DLC
005 - DATE AND TIME OF LATEST TRANSACTION
- control field: 20210215164153.0
008 - FIXED-LENGTH DATA ELEMENTS
- fixed length control field: 810304n| acannaab |a ana
010 ## - LIBRARY OF CONGRESS CONTROL NUMBER
- LC control number: n 81014957
040 ## - CATALOGING SOURCE
- Original cataloging agency: DLC
- Transcribing agency: Mx-PuUPA
- Modifying agency: Mx-PuUPA
- Language of cataloging: spa
- Description conventions: rda
110 2# - HEADING--CORPORATE NAME
- Corporate name or jurisdiction name as entry element: Espasa-Calpe,
372 ## - FIELD OF ACTIVITY
- Field of activity: Historia del Arte
374 ## - OCCUPATION
- Occupation: Autor
377 ## - ASSOCIATED LANGUAGE
- Language code: spa
410 2# - SEE FROM TRACING--CORPORATE NAME
- Corporate name or jurisdiction name as entry element: Editorial Espasa Calpe
410 2# - SEE FROM TRACING--CORPORATE NAME
- Corporate name or jurisdiction name as entry element: Espasa
510 2# - SEE ALSO FROM TRACING--CORPORATE NAME
- Control subfield: a
- Corporate name or jurisdiction name as entry element: Calpe (Firm)
670 ## - SOURCE DATA FOUND
- Source citation: Clásicos (ser.) Rivas, A. de S. Don Alvaro, 1980:
- Information found: t.p. (Espasa-Calpe, S.A., Madrid)
670 ## - SOURCE DATA FOUND
- Source citation: Diccionario consultor Espasa, c1998:
- Information found: t.p. verso (Editorial Espasa Calpe, S.A.)
670 ## - SOURCE DATA FOUND
- Source citation: Sánchez Vigil, Juan Miguel. Calpe, c2005:
- Information found: t.p. (Calpe) p. 4 of cover, etc. (Calpe (Companía Anónima de Librería, Publicaciones y Ediciones) Spanish publisher founded in 1918 and later merged with Espasa in Dec. 1925 to form Espasa-Calpe)
670 ## - SOURCE DATA FOUND
- Source citation: Historia del Arte, 1999:
- Information found: portada (Espasa Calpe, S. A.)
670 ## - SOURCE DATA FOUND
- Source citation: Biblioteca del congreso (Estados Unidos), 10 mayo 2019:
- Information found: catálogo electrónico
- Uniform Resource Identifier: https://bit.ly/2NsrRLR